Online
Catalog

Discursos / (Record no. 1123)

MARC details
000 -CABECERA
campo de control de longitud fija 00585cam a2200169 a 4500
001 - NÚMERO DE CONTROL
campo de control 000001170
005 - FECHA Y HORA DE LA ÚLTIMA TRANSACCIÓN
campo de control 20200929145508.0
008 - DATOS DE LONGITUD FIJA--INFORMACIÓN GENERAL
campo de control de longitud fija 770623s1976 ve 000 0 spa
040 ## - FUENTE DE LA CATALOGACIÓN
Centro catalogador/agencia de origen DO-SdBNP
Lengua de catalogación spa
Centro/agencia transcriptor BNPHU
082 ## - NÚMERO DE LA CLASIFICACIÓN DECIMAL DEWEY
Número de clasificación xx
Número de documento/Ítem B641d
100 1# - ENTRADA PRINCIPAL--NOMBRE DE PERSONA
Nombre de persona Blanco, Andrés Eloy,
Fechas asociadas al nombre 1898-1955.
9 (RLIN) 3991
245 10 - MENCIÓN DE TÍTULO
Título Discursos /
Mención de responsabilidad, etc. Andres Eloy Blanco ; pórtico, Manuel Alfredo Rodríguez, Pedro Francisco Lizardo.
260 ## - PUBLICACIÓN, DISTRIBUCIÓN, ETC.
Lugar de publicación, distribución, etc. Caracas :
Nombre del editor, distribuidor, etc. Centauro,
Fecha de publicación, distribución, etc. 1976.
300 ## - DESCRIPCIÓN FÍSICA
Extensión v. ;
Dimensiones 18 cm.
651 #4 - PUNTO DE ACCESO ADICIONAL DE MATERIA--NOMBRE GEOGRÁFICO
Nombre geográfico Venezuela
Subdivisión general Discursos Parlamentarios
9 (RLIN) 3992
651 #4 - PUNTO DE ACCESO ADICIONAL DE MATERIA--NOMBRE GEOGRÁFICO
Nombre geográfico Venezuela
Subdivisión general Política Y Gobierno
Subdivisión cronológica 1935-1958.
9 (RLIN) 3993
Holdings
Estado de retiro Estado de pérdida Restricciones de uso No para préstamo Código de colección Localización permanente Ubicación/localización actual Ubicación en estantería Fecha de adquisición Número de inventario Total de préstamos Signatura topográfica completa Código de barras Fecha visto por última vez Precio válido a partir de Tipo de ítem Koha Número de copia
      Préstamo en sala Dominicana de Servicio Biblioteca Nacional Pedro Henríquez Ureña Biblioteca Nacional Pedro Henríquez Ureña En catalogación 23.06.2009 LF1   080.987 B641d 1170-30 25.06.2020 25.06.2020 Libros y folletos  
    Préstamo restringido Préstamo en sala Dominicana de Servicio Biblioteca Nacional Pedro Henríquez Ureña Biblioteca Nacional Pedro Henríquez Ureña En catalogación 04.08.2010 LF1   080.987 B641d 1170-40 25.06.2020 25.06.2020 Libros y folletos e. 2

Powered by Koha